Southville International School and Colleges
Your cart is empty.
  • Cart
  • Lists
    Public lists list_1 View all
    Your lists Log in to create your own lists
  • Log in to your account
  • Your cookies
  • Search history
Southville International School and Colleges
  • Advanced search
  • Recent comments
  • Most popular
  • Libraries

Log in to your account

Log in with GOOGLE


If you do not have an external account, but do have a local account, you can still log in:

  1. Home
  2. MARC view: The complete book of tricot :
Normal view MARC view ISBD view

The complete book of tricot : (Record no. 9172)

[ view plain ]
MARC details
000 -LEADER
fixed length control field 00991cam a2200277 a 4500
001 - CONTROL NUMBER
control field 4399887
003 - CONTROL NUMBER IDENTIFIER
control field OSt
005 - DATE AND TIME OF LATEST TRANSACTION
control field 20140310182100.0
008 - FIXED-LENGTH DATA ELEMENTS--GENERAL INFORMATION
fixed length control field 920121s1991 at a b 001 0 eng
010 ## - LIBRARY OF CONGRESS CONTROL NUMBER
LC control number 92106513
020 ## - INTERNATIONAL STANDARD BOOK NUMBER
International Standard Book Number 086417327X
040 ## - CATALOGING SOURCE
Original cataloging agency DLC
Transcribing agency DLC
050 00 - LIBRARY OF CONGRESS CALL NUMBER
Classification number TT 820
Item number .J65 1991
082 00 - DEWEY DECIMAL CLASSIFICATION NUMBER
Classification number HS 746.43
Item number J71 1991
100 1# - MAIN ENTRY--PERSONAL NAME
Personal name Jones, Rebecca.
9 (RLIN) 12665
245 14 - TITLE STATEMENT
Title The complete book of tricot :
Remainder of title everything you wanted to know about Tunisian crochet and shepherd's knitting : what it is, how to do it & what to make /
Statement of responsibility, etc Rebecca Jones.
260 ## - PUBLICATION, DISTRIBUTION, ETC. (IMPRINT)
Place of publication, distribution, etc Kenthurst, NSW :
Name of publisher, distributor, etc Kangaroo Press,
Date of publication, distribution, etc c1991.
300 ## - PHYSICAL DESCRIPTION
Extent 95 p. :
Other physical details ill. (some col.) ;
Dimensions 29 cm.
500 ## - GENERAL NOTE
General note Includes bibliographical references (p. 91) and index.
650 #0 - SUBJECT ADDED ENTRY--TOPICAL TERM
Topical term or geographic name as entry element Crocheting
Form subdivision Patterns.
9 (RLIN) 12666
906 ## - LOCAL DATA ELEMENT F, LDF (RLIN)
a 7
b cbc
c orignew
d 2
e ncip
f 19
g y-gencatlg
942 ## - ADDED ENTRY ELEMENTS (KOHA)
Source of classification or shelving scheme Library of Congress Classification
Koha item type
Holdings
Withdrawn status Lost status Source of classification or shelving scheme Damaged status Home library Current library Shelving location Date acquired Total Checkouts Full call number Barcode Date last seen Copy number Price effective from Koha item type
    Library of Congress Classification   Luxembourg Library Luxembourg Library   08/23/2013   TT 820 .J65 1991 0885 08/23/2013 1 08/23/2013 Books

The complete book of tricot :

APA

Jones R., . (1991). The complete book of tricot. Kenthurst, NSW: Kangaroo Press.

Chicago

Jones Rebecca, . 1991. The complete book of tricot. Kenthurst, NSW: Kangaroo Press.

Harvard

Jones R., . (1991). The complete book of tricot. Kenthurst, NSW: Kangaroo Press.

MLA

Jones Rebecca, . The complete book of tricot. Kenthurst, NSW: Kangaroo Press. 1991.

  • Place hold
  • Print
  • Cite
  • Add to your cart (remove)
  • Save record
    BIBTEX Dublin Core MARCXML MARC (non-Unicode/MARC-8) MARC (Unicode/UTF-8) MARC (Unicode/UTF-8, Standard) MODS (XML) RIS
  • More searches
    Search for this title in:
    Other Libraries (WorldCat) Other Databases (Google Scholar) Online Stores (Bookfinder.com) Open Library (openlibrary.org)

Exporting to Dublin Core...

SOUTHVILLE LIBRARY

Southville International School and Colleges Library

1281 Tropical Ave. Cor. Luxembourg St., BF Homes International, Las Pinas City

Tel. No. 8256374 / 252358 Loc. 117/146

Powered by Koha